000 00430nam a2200145Ia 4500
008 151213s9999 xx 000 0 und d
100 _aLord Byron
245 _aThe Collected Poems of Lord Byron ; With An Introduction & Bibliography.
_cLord Byron
260 _aHertforshire
_bWords Worth Edition
_c1994
300 _a3548 p.
650 _aEnglish Literature
650 _aLiterature
700 _aLord Byron
999 _c2352
_d2352